000 00611nam a2200205Ia 4500
001 15395
003 GE_BSU
008 181216s||||||||xx |||||||||||||| ||und||
040 _cGE_BSU
080 _a821.353.1-32
100 _aქუთათელი, ა.
245 _aმოთხრობები
245 _cრედ.ც.ჯაფარიძე. მხატვ.გ.გორდაძე
260 _aთბილისი
260 _bსაბჭ. საქართველო
260 _c1963
300 _a374გვ.21სმ.
653 _aმოთხრობები
942 _cBK
999 _c48499
_d48499